000 00436nam a22001817a 4500
003 MPLRDC
005 20220104124245.0
008 210129b ||||| |||| 00| 0 eng d
020 _a7-80009-345-X
082 _a783.28 JYS
100 _a金光根
245 _a韩国总统金泳三
_c
250 _a一版一刷
260 _a
_b时事出版社
_c1997
300 _b
650 _a韩国总统传记
942 _cBK
_o783.28 JYS
999 _c17890
_d17880